| 000 | 00471nam a2200181Ia 4500 | ||
|---|---|---|---|
| 001 | 20497 | ||
| 005 | 20260306172810.0 | ||
| 008 | 260306t2007||||xx |||||||||||||| ||spa|| | ||
| 041 | _aESP | ||
| 082 |
_a343.332L _bL55 |
||
| 100 |
_aPerú. Ministerio de Justicia _eAUT |
||
| 245 | 0 | _aLeyes orgánicas del Poder Judicial y del Ministerio Público | |
| 260 | _c2007 | ||
| 300 |
_a767 páginas : _c21 cm. |
||
| 650 | _aGEN | ||
| 654 | _aCDE | ||
| 942 |
_cLIB _dJUS _fJUS _2ddc _n |
||
| 999 |
_c20497 _d20497 |
||